000 01005nam a22001817a 4500
005 20220623185532.0
008 220623b |||||||| |||| 00| 0 eng d
020 _a9781941789063
040 _cBiblioteca Lado V
082 _a708
_bL228f
100 _aAcevedo-Yates, Carla (editora)
245 _aDavid Lamelas: Fiction of a Production
260 _aMichigan
_bEli and Edythe Broad Art Museum, Michigan State University
_c2018
300 _a214 p.
_bil. (col)
_c21,5 x 15,5 cm
505 _tForeword
_rMarc-Olivier Wahler
_tFiction of a Production
_rCarla Acevedo-Yates
_tIndifference and biographical forms
_rJean-François Chevrier
_tJust so: how David moved from object to space
_rKristina Newhouse
_tSelf-Awarness
_rDavid Lamelas and Raúl Escari
_tExhibition checklist
_tSketches
_tSelected exhibition histories
_tFilmography
_tArtist´s Biography
650 _xarte contemporáneo
_xarte - exhibiciones
_xarte - instalaciones
_xarte - catálogo de exhibición
_xarte - Argentina
_xLamelas, David
942 _2ddc
_c1
_n0
999 _c1907
_d1907